000 00859nam a2200253Ia 4500
003 OSt
005 20221005113416.0
006 a|||||r|||| 00| 0
007 ta
008 221004b |||||||| |||| 00| 0 pan d
020 _a8178832372 (hbk)
_c100
024 _a15654
037 _b871, 14/08/2014, H.K. Prakashan
_cTextual
040 _aCRL
_cCRL
_bpan
041 _2pan
_apan
082 _aO153,1NGUIx, P5
100 _aਗੁਲਾਟੀ, ਸਤੀF
_9157395
245 0 _aਚੁੱਪ ਨਦੀ ਤੇ ਮੈ੍ਵ
260 _aਲੁਧਿਆਣਾ
_bਚੇਤਨਾ ਪ੍ਰਕਾFਨ ਭਾਰਤ
_c2005
300 _a88ਪੰ
_ccm.
650 _aਪੰਜਾਬੀ ਸਾਹਿਤ
942 _hO153,1NGUIx, P5
_cTEXL
_2cc
999 _c1028095
_d1028095